1369 1346 1025 1444 1742 1076 1645 1017 1021 1813 1938 1063 1098 1189 1968 1918 1483 1918 1798 1123 1098 1781 1431 1756 1853 1783 1243 1203 1410 1641 1609 1715 1822 1600 1995 1160 1923 1837 1740 1807 1159 1382 1435 1746 1978 1224 1945 1677 1571 1386 2000 1660 1487 1276 1087 1820 1671 1650 1787 1953 1782 1349 1115 1492 1303 1253 1424 1225 1409 1139 1584 1743 1160 1362 1789 1711 1492 1295 1087 1294 1666 1694 1461 1002 1420 1366 1100 1259 1503 1209 1936 1862 1981 1034 1945 1458 1878 1701 1070 BCNSPRNW ULIB Ver.6.0+V

เปลี่ยนเป็นภาษาไทย

Change to English
 แสดงรายละเอียดบรรณานุกรม
  กลับหน้าหลัก

Brief Record : Get Marc (ISO 2709) : E-mail record : QR code < ปิดหน้าต่าง
LEADER : 00000nam 2200000uu 4500
001    13399121024
003     ULIB
008    121030s2552||||th 000 0 tha d
020    ^a9789742357436
050  4 ^aHF5734.5^bก636ค
100 0  ^aกิจคณิตพงศ์ อินทอง
245 10 ^aเคล็ดลับการประชุมอย่างมืออาชีพ /^cกิจคณิตพงศ์ อินทอง
250    ^aพิมพ์ครั้งที่ 1
260    ^aกรุงเทพฯ :^bศรีเสน่ห์การพิมพ์,^c2552
300    ^a112 หน้า
650  7 ^aการประชุม
945    ^p145^l0^i17797
949    ^aทศพร
999 ^a ทศพร
รายการนี้ยังไม่มีแท็ก
คุณยังไม่ได้ล็อกอิน คุณสามารถมีกิจกรรมร่วมกับเว็บไซต์ได้ แต่ต้องล็อกอินก่อน ::
  ล็อกอิน

รายการสื่อสารสนเทศ

ลำดับที่ ประเภท เลขเรียก/บาร์โค้ด สถานที่ สถานะ
1. วิทยาศาสตร์การแพทย์ และสุขภาพ
วิทยาศาสตร์การแพทย์ และสุขภาพ
HF5734.5 ก636ค ฉ.1 
  Barcode: 17797
ห้องสมุดวิทยาเขตสวรรค์ประชารักษ์
►หนังสือทั่วไป
บนชั้น

รายการใกล้เคียง
    หัวเรื่อง [การประชุม]

BibComment


ยังไม่เคยถูกคอมเมนท์

คอมเมนท์ทรัพยากรรายการนี้
  คอมเมนท์: เคล็ดลับการประชุ..


 Copyright 2026. Bcnsprnw @Library